Legal gender recognition in the EU The journeys of trans people towards full equality

Detalles Bibliográficos
Formato: eBook
Lenguaje:inglés
Publicado: Bruselas: European Union Publications Office, 2020
Materias:
Acceso en línea:Acceso restringido

MARC

LEADER 00000nam a22000007a 4500
005 20210907015927.0
007 cr|||| |||
008 210907s2020 eu |||||s|||| 00||0 eng d
020 |a 978-92-76-18138-5 
035 |a 34144 
040 |a vLex 
090 |c 12287  |d 12287 
245 0 0 |a Legal gender recognition in the EU  |h [Recurso electrn̤ico] :  |b The journeys of trans people towards full equality 
256 |a Servicio en ln̕ea 
260 |a Bruselas:  |b European Union Publications Office,  |c 2020 
300 |a 1 recurso electrn̤ico 
500 |a The European Commission is committed to tackling discrimination and promoting equality for transgender people. To further this objective, the European Commission’s department responsible for justice, consumer rights and gender equality (DG Justice and Consumers) commissioned and supervised this study. The research focused on the position and experiences of trans people in education, employment and later life, as well as their interactions with Legal Gender Recognition (LGR) procedures and their experiences of coming out. It also considered the impact of discrimination that trans individuals can face throughout their lifetime. Focusing on these areas, the study had two key objectives: 1) providing an overview of the situation of transgender people in the EU and 2) understanding whether there is a positive correlation between inclusive policies allowing for Legal Gender Recognition (LGR) and the well-being of transgender people. To achieve those two main objectives, the study consulted a total of 1,015 adults who identified as transgender across the 27 EU Member States and the UK, in addition to conducting a literature review, legal research and a quantitative analysis of available data. The results of these activities brought a wealth of insights into the challenges and barriers transgender people face across Europe. These formed the basis of recommendations at EU and Member State level. 
506 1 |a Disponible solo en los productos indicados  |d vLex Global  |d vLex Global (Academic Edition, excluding Law Schools)  |d vLex Global (U.S. Academic Edition, Law Schools)  |d vLex Global (U.S. Academic Edition, excluding Law Schools)  |d vLex Global (Academic Edition, Law Schools) 
650 0 4 |a Derecho Constitucional  |z Unin̤ Europea 
650 0 4 |a Derecho Comunitario  |z Unin̤ Europea 
740 0 |a vLex Libros (Servicio en ln̕ea) 
856 4 0 |u https://app.vlex.com/#/sources/34144  |z Acceso restringido 
942 |c BOOK 
999 0 |a Constitutional Law 
999 0 |a Community Law